Southville International School and Colleges
Your cart is empty.
  • Cart
  • Lists
    Public lists Eva Luna New books Lux_list list_1
    Your lists Log in to create your own lists
  • Log in to your account
  • Your cookies
  • Search history
Southville International School and Colleges
  • Advanced search
  • Recent comments
  • Most popular
  • Libraries

Log in to your account

Log in with GOOGLE


If you do not have an external account, but do have a local account, you can still log in:

  1. Home
  2. MARC view: Great grooming for girls /
Normal view MARC view ISBD view

Great grooming for girls / (Record no. 9284)

[ view plain ]
MARC details
000 -LEADER
fixed length control field 00504nam a22001817a 4500
003 - CONTROL NUMBER IDENTIFIER
control field SISC
005 - DATE AND TIME OF LATEST TRANSACTION
control field 20160215131236.0
008 - FIXED-LENGTH DATA ELEMENTS--GENERAL INFORMATION
fixed length control field 130824t xxu||||| |||| 00| 0 eng d
020 ## - INTERNATIONAL STANDARD BOOK NUMBER
International Standard Book Number 0823914690
050 ## - LIBRARY OF CONGRESS CALL NUMBER
Classification number RA 777.25
Item number .Sa65 1993
082 ## - DEWEY DECIMAL CLASSIFICATION NUMBER
Classification number HS 646.70
Item number Sm65 1993
100 ## - MAIN ENTRY--PERSONAL NAME
Personal name Smith, Sandra Lee
9 (RLIN) 13066
245 ## - TITLE STATEMENT
Title Great grooming for girls /
Statement of responsibility, etc Sandra Lee Smith.
260 ## - PUBLICATION, DISTRIBUTION, ETC. (IMPRINT)
Place of publication, distribution, etc New York :
Name of publisher, distributor, etc Rosen Publishing,
Date of publication, distribution, etc 1993.
300 ## - PHYSICAL DESCRIPTION
Extent 48 p. :
Other physical details col. ill.;
Dimensions 24 cm.
942 ## - ADDED ENTRY ELEMENTS (KOHA)
Source of classification or shelving scheme Library of Congress Classification
Koha item type Books
Holdings
Withdrawn status Lost status Source of classification or shelving scheme Damaged status Home library Current library Shelving location Date acquired Total Checkouts Full call number Barcode Date last seen Price effective from Koha item type
    Library of Congress Classification   Luxembourg Library Luxembourg Library High School Section 08/24/2013   RA 777.25 .Sa65 1993 3419 08/24/2013 08/24/2013 Books

Great grooming for girls /

APA

Smith S. L., . (1993). Great grooming for girls. New York: Rosen Publishing.

Chicago

Smith Sandra Lee, . 1993. Great grooming for girls. New York: Rosen Publishing.

Harvard

Smith S. L., . (1993). Great grooming for girls. New York: Rosen Publishing.

MLA

Smith Sandra Lee, . Great grooming for girls. New York: Rosen Publishing. 1993.

  • Place hold
  • Print
  • Cite
  • Add to your cart (remove)
  • Save record
    BIBTEX Dublin Core MARCXML MARC (non-Unicode/MARC-8) MARC (Unicode/UTF-8) MARC (Unicode/UTF-8, Standard) MODS (XML) RIS
  • More searches
    Search for this title in:
    Other Libraries (WorldCat) Other Databases (Google Scholar) Online Stores (Bookfinder.com) Open Library (openlibrary.org)

Exporting to Dublin Core...

SOUTHVILLE LIBRARY

Southville International School and Colleges Library

1281 Tropical Ave. Cor. Luxembourg St., BF Homes International, Las Pinas City

Tel. No. 8256374 / 252358 Loc. 117/146

Powered by Koha